|
|
|
|
| LEADER |
01270nam a2200325 a 4500 |
| 001 |
5980 |
| 003 |
BD-DhAAL |
| 005 |
20150608095652.0 |
| 008 |
150608s1996 nyua b 001 0 eng |
| 010 |
|
|
|a 95038837
|
| 020 |
|
|
|a 0070179883 (acidfree paper)
|
| 040 |
|
|
|a DLC
|c DLC
|d DLC
|d BD-DhAAL
|
| 050 |
0 |
0 |
|a HE8689.8
|b .D66 1996
|
| 082 |
0 |
0 |
|a 384.54/0973
|2 20
|
| 100 |
1 |
|
|a Dominick, Joseph R.
|9 8435
|
| 245 |
1 |
0 |
|a Broadcasting/cable and beyond :
|b an introduction to modern electronic media /
|c Joseph R. Dominick, Barry L. Sherman, Gary A. Copeland.
|
| 250 |
|
|
|a 3rd ed.
|
| 260 |
|
|
|a New York :
|b McGraw-Hill,
|c c1996.
|
| 300 |
|
|
|a xvi, 493 p. :
|b ill. (some col.) ;
|c 26 cm.
|
| 490 |
|
|
|a McGraw-Hill series in mass communication
|
| 504 |
|
|
|a Includes bibliographical references and index.
|
| 541 |
|
|
|e 5980
|
| 650 |
|
0 |
|a Broadcasting
|z United States.
|9 11770
|
| 650 |
|
0 |
|a Cable television
|z United States.
|9 11771
|
| 650 |
|
0 |
|a Telecommunication
|z United States.
|9 11772
|
| 700 |
1 |
|
|a Sherman, Barry L.
|9 11773
|
| 700 |
1 |
|
|a Copeland, Gary.
|9 11774
|
| 942 |
|
|
|2 ddc
|c BK
|
| 999 |
|
|
|c 34640
|d 34640
|
| 952 |
|
|
|0 0
|1 0
|2 ddc
|4 0
|6 384_540973000000000_DOM
|7 0
|9 54109
|a SCL
|b SCL
|c GEN
|d 2015-06-08
|e Gift: The Asia Foundation
|l 0
|o 384.540973 DOM
|p 3020005980
|r 2015-06-08
|t 1
|w 2015-06-08
|y BK
|